Creating global competitiveness through culture and religion : (Record no. 3511)

MARC details
000 -LEADER
fixed length control field 01029nam a22002651u 4500
001 - CONTROL NUMBER
control field 06187
003 - CONTROL NUMBER IDENTIFIER
control field HDC
007 - PHYSICAL DESCRIPTION FIXED FIELD--GENERAL INFORMATION
fixed length control field cr bn ---
008 - FIXED-LENGTH DATA ELEMENTS--GENERAL INFORMATION
fixed length control field 210123p xx fo d 00 engg
040 ## - CATALOGING SOURCE
Original cataloging agency HDC
100 ## - MAIN ENTRY--PERSONAL NAME
Personal name Camillo, Angelo
9 (RLIN) 6504
245 #0 - TITLE STATEMENT
Title Creating global competitiveness through culture and religion :
Remainder of title an insight into the global strategic evolution and marketing of the Halal food industry /
Statement of responsibility, etc. by Angelo Camillo, Svetlana Holt, Joan Marques & Jenny Hu
260 ## - PUBLICATION, DISTRIBUTION, ETC.
Place of publication, distribution, etc. [No place] :
Name of publisher, distributor, etc. [publisher not identified],
Date of publication, distribution, etc. 2013
300 ## - PHYSICAL DESCRIPTION
Extent 21 pages :
Other physical details Illustrations
336 ## - CONTENT TYPE
Content type term text
Source rdacontent
337 ## - MEDIA TYPE
Media type term computer
Source rdamedia
338 ## - CARRIER TYPE
Carrier type term online resource
Source rdacarrier
650 ## - SUBJECT ADDED ENTRY--TOPICAL TERM
Topical term or geographic name entry element Halal food
9 (RLIN) 50
650 ## - SUBJECT ADDED ENTRY--TOPICAL TERM
Topical term or geographic name entry element Halal industry
9 (RLIN) 144
650 ## - SUBJECT ADDED ENTRY--TOPICAL TERM
Topical term or geographic name entry element Principles of Halal
9 (RLIN) 5746
856 ## - ELECTRONIC LOCATION AND ACCESS
Public note Request full-text at [email protected]
942 ## - ADDED ENTRY ELEMENTS (KOHA)
Source of classification or shelving scheme Library of Congress Classification
942 ## - ADDED ENTRY ELEMENTS (KOHA)
Koha item type Slide Presentation
942 ## - ADDED ENTRY ELEMENTS (KOHA)
Call number prefix SLID 000705
Holdings
Withdrawn status Lost status Source of classification or shelving scheme Damaged status Not for loan Home library Current library Shelving location Date acquired Total checkouts Full call number Date last seen Price effective from Koha item type
    Library of Congress Classification     Halal Development Corporation Library Halal Development Corporation Library Open Shelves 24/05/2023   SLID 000705 24/05/2023 24/05/2023 Slide Presentation
Halal Development Corporation Berhad (HDC)
5.02 Level 5, KPMG Tower, First Avenue, Persiaran Bandar Utama, 47800 Petaling Jaya, Selangor Darul Ehsan
Phone: +603 7965 5489 Email: [email protected]